| 000 | 00535nam a22001817a 4500 | ||
|---|---|---|---|
| 003 | OSt | ||
| 005 | 20260204045907.0 | ||
| 008 | 260204b |||||||| |||| 00| 0 eng d | ||
| 020 | _a978-1-4075-0566-4 | ||
| 040 |
_aDWCL-Main Lib _cOC |
||
| 082 | _aGR. 910 B838 2007 | ||
| 100 | _aBrenner, Falko | ||
| 245 | _a100 cities of the world | ||
| 260 |
_aBath BA1 1HE, UK : _b Paragon Books, _cc2009 |
||
| 300 |
_a240 p. : _bill. ( chielfy col. ) ; _c32 cm. |
||
| 650 | _aGeography and travel - Cities of the world | ||
| 942 |
_2ddc _cGR _mGR. _n0 |
||
| 999 |
_c8259 _d8259 |
||